Precio ... del muestrario de colecciones de tipos para pequeñas prensas tipográficas. (Record no. 48813)

MARC details
000 -LEADER
campo de control de longitud fija 00481nam a2200169 i 4500
001 - NÚMERO DE CONTROL
campo de control 48813
003 - IDENTIFICADOR DE NÚMERO DE CONTROL
campo de control ES-MaACL
005 - FECHA Y HORA DE LA ÚLTIMA TRANSACCIÓN
campo de control 20250725035239.0
007 - CAMPO FIJO DE DESCRIPCIÓN FÍSICA--INFORMACIÓN GENERAL
campo de control de longitud fija t|
008 - DATOS DE LONGITUD FIJA--INFORMACIÓN GENERAL
campo de control de longitud fija 200904s1883 sp ||||1| spa d
245 00 - MENCIÓN DEL TÍTULO
Título Precio ... del muestrario de colecciones de tipos para pequeñas prensas tipográficas.
260 ## - PUBLICACIÓN, DISTRIBUCIÓN, ETC.
Lugar de publicación, distribución, etc. Madrid :
Nombre del editor, distribuidor, etc. [s.n.],
Fecha de publicación, distribución, etc. 1883.
300 ## - DESCRIPCIÓN FÍSICA
Extensión p. ;
Dimensiones cm.
650 #7 - PUNTO DE ACCESO ADICIONAL DE MATERIA--TÉRMINO DE MATERIA
Término de materia o nombre geográfico como elemento de entrada Tipos de imprenta
Fuente del encabezamiento o término embne
9 (RLIN) 147448
852 ## - LOCALIZACIÓN
Ubicación ES-MaACL
Número de control de estantería T-563-F-1
Holdings
Estatus retirado Estado de pérdida Estado de daño No para préstamo Colección Biblioteca de origen Biblioteca actual Ubicación en estantería Fecha de adquisición Fuente de adquisición Total de préstamos Signatura topográfica completa Código de barras Visto por última vez Precio de reemplazo Tipo de ítem Koha
        Colección de folletos Biblioteca del Ateneo de Madrid Biblioteca del Ateneo de Madrid Depósito folletos 09/05/2005     T-563-F-1 1201916 23/02/2023 23/02/2023 Folleto